000 01125nam a22003617a 4500
001 BR0403065
003 BR-BrBNA
005 20230928101640.0
007 ta
008 230509b bl.||||| |||| 00| 0 por d
040 _aBR-BrBNA
_bpor
_cBiblioteca Nacional de Agricultura
041 _a(Por)
072 _aL01; L53
_b5212
_b9410
090 _ 5212 BR0403065
100 1 _aLemos, A. de M.
110 1 _aUniversidade Federal de Lavras, MG (Brasil)
_0Tese (Mestrado)
245 1 _aInfluência dos períodos seco e de serviço sobre a produção de leite de vacas da raça Gir no Estado de Minas Gerais
260 3 _aLavras, MG (Brasil):
_c1996.
300 _a49 p.
500 _aSummaries (Eng, Por); Bibliography p. 41-49; 13 tables; 6 illus.
650 _aGADO GIR
650 _aLEITE
650 _aVACA LEITEIRA
650 _aPRODUÇÃO LEITEIRA
650 _aLACTAÇÃO
650 _aEFICIÊNCIA REPRODUTIVA
650 _aCONDIÇÃO AMBIENTAL
650 _aANÁLISE ECONÔMICA
650 _aMÉTODO ESTATÍSTICO
650 _aMINAS GERAIS
909 _a202309
_bLucia
_c55
_dLucia Elande
942 _cBK
999 _c66876
_d66876